01616nam a2200289Ia 4500001001200000003000800012006001900020007001500039008004100054040002100095035002100116050002500137245029200162260005500454300001400509500011700523504005200640533015200692650003900844650003800883655002900921710012100950710009501071710001701166856012601183999001701309ebr10071441CaPaEBRm u cr cn|||||||||960620s1996 dcu sb 000 0 eng d aCaPaEBRcCaPaEBR a(OCoLC)26879349414aRB152.7b.E83 1996eb00aEvaluation of the U.S. Department of Defense Persian Gulf comprehensive clinical evaluation programh[electronic resource] /cCommittee on the DoD Persian Gulf Syndrome Comprehensive Clinical Evaluation Program, Division of Health Promotion and Disease Prevention, Institute of Medicine. aWashington, D.C. :bNational Academy Press,c1996. avi, 51 p. a"This study was supported by the U.S. Department of Defense under contact number DADA 15-94-C-0126"--T.p. verso. aIncludes bibliographical references (p. 33-35). aElectronic reproduction.bPalo Alto, Calif. :cebrary,d2009.nAvailable via World Wide Web.nAccess may be limited to ebrary affiliated libraries. 0aMedicine, MilitaryzUnited States. 0aPersian Gulf syndromexDiagnosis. 7aElectronic books.2local2 aInstitute of Medicine (U.S.).bCommittee on the DoD Persian Gulf Syndrome Comprehensive Clinical Evaluation Program.1 aUnited States.bDept. of Defense.bPersian Gulf Comprehensive Clinical Evaluation Program.2 aebrary, Inc.40uhttp://site.ebrary.com/lib/rucke/Doc?id=10071441zAn electronic book accessible through the World Wide Web; click to view c32237d32237